000
00239nam a22000857a 4500
008
161214b xxu||||| |||| 00| 0 eng d
100
_9
2051
_a
Novelly M.C
245
_a
Thyeatre Games for Young Performer
260
_a
Colorado
_b
Meriwether
_c
mcmLXXXV
999
_c
4921
_d
4921